Library Logo

Pioneer International University Library Catalogue

Dharau ya ini / (Record no. 9512)

MARC details
000 -LEADER
fixed length control field 00415cam a22001577a 4500
005 - DATE AND TIME OF LATEST TRANSACTION
control field 20250901165817.0
008 - FIXED-LENGTH DATA ELEMENTS--GENERAL INFORMATION
fixed length control field 070912s2007 ke 000 0 swa
010 ## - LIBRARY OF CONGRESS CONTROL NUMBER
LC control number 2007381314
020 ## - INTERNATIONAL STANDARD BOOK NUMBER
International Standard Book Number 9966773217
050 00 - LIBRARY OF CONGRESS CALL NUMBER
Classification number PL 8704 .W36 2007
100 1# - MAIN ENTRY--PERSONAL NAME
Personal name Wamitila, K. W.
245 10 - TITLE STATEMENT
Title Dharau ya ini /
Statement of responsibility, etc. K.W. Wamitila.
260 ## - PUBLICATION, DISTRIBUTION, ETC.
Place of publication, distribution, etc. Nairobi :
Name of publisher, distributor, etc. Vide-Muwa Publishers,
Date of publication, distribution, etc. 2007.
300 ## - PHYSICAL DESCRIPTION
Extent 280 p. ;
Dimensions 21 cm.
942 ## - ADDED ENTRY ELEMENTS (KOHA)
Source of classification or shelving scheme Library of Congress Classification
Holdings
Withdrawn status Lost status Source of classification or shelving scheme Damaged status Not for loan Collection Home library Current library Shelving location Date acquired Source of acquisition Total checkouts Full call number Barcode Date last seen Copy number Price effective from Koha item type
    Library of Congress Classification       Main Library Main Library   04/02/2025 Donation from KICD   PL 8704 .W36 2007 PIUD0000622 04/02/2025 1 04/02/2025 Books
    Library of Congress Classification       Main Library Main Library   04/02/2025 Donation from KICD   PL 8704 .W36 2007 PIUD0000623 04/02/2025 2 04/02/2025 Books